Statistiques concernant Les 10 joueurs avec le plus de trophées d'homme du match depuis 2009.

Cliquez ici pour prendre le quiz!

Statistiques générales

  • Ce quiz a été pris 172 fois
  • Le résultat moyen est 7 sur 10

Statistiques - réponses

Trophées
homme
du match
JoueursMatchs% Correct
176Cristiano Ronaldo607
99%
324Lionel Messi628
99%
90Neymar337
88%
76Karim Benzema593
87%
96Robert Lewandowski561
81%
116Zlatan Ibrahimovic454
62%
85Antoine Griezmann601
53%
85Kevin De Bruyne444
49%
88Harry Kane433
44%
100Eden Hazard520
42%

Distribution des résultats

Percentile par nombre de réponses

% des personnes avec chaque résultat

Votre développement - résultats

Vous n’avez pas pris ce quiz